| 000 | 00910nam a2200241 a 4500 | ||
|---|---|---|---|
| 999 |
_c6845 _d6845 |
||
| 001 | 4899 | ||
| 003 | BD-DhUAP | ||
| 005 | 20210109120759.0 | ||
| 008 | 210109s1996 bg b 001 0 eng d | ||
| 040 |
_aDLC _cOClU _dOCoLC _dUk _dBD-DhUAP _bEng |
||
| 082 | 0 | 0 |
_a382.17095492 NAT _223 |
| 100 | _aNath, Narayan Chandra. | ||
| 245 |
_aBalance of payment constraint on growth and external competitiveness of Bangladesh economy / _cNarayan Chandra Nath. |
||
| 260 |
_aDhaka, Bangladesh : _bBangladesh Institute of Development Studies, _cc1996. |
||
| 300 |
_aiii, 40 pages : _billustrations ; _c26 cm. |
||
| 490 |
_aResearch report (Bangladesh Institute of Development Studies) ; _v148. |
||
| 650 |
_aBalance of payments _zBangladesh. |
||
| 650 | _aEconomic conditions. | ||
| 710 | _aBangladesh Institute of Development Studies. | ||
| 942 | 0 | 0 |
_2ddc _cBK |